Enciclopedia de la huerta; segunda parte /
Guardado en:
| Autor Principal: | |
|---|---|
| Formato: | Libro |
| Publicado: |
Buenos Aires :
Ediciones mundo técnico, 0
|
| Materias: | |
| Etiquetas: |
Agregar Etiqueta
Sin Etiquetas, Sea el primero en etiquetar este registro!
|
| LEADER | 01169nam a22001935a 4500 | ||
|---|---|---|---|
| 001 | CEM.cems015961 | ||
| 008 | 130507b19--##################000#0#####d | ||
| 005 | 20210830192613.0 | ||
| 003 | CEMS | ||
| 245 | 1 | 0 | |a Enciclopedia de la huerta; segunda parte / |c Adolfo Lerena Gabarret, |
| 260 | |a Buenos Aires : |b Ediciones mundo técnico, 0 | ||
| 300 | |a v.2 156 p. | ||
| 505 | 0 | |a Terapéutica vegetal -- Parte Especial Acedera Acelga Achicoria Ajedrea Ajenjo Ajo albahaca Alcavavea Alcaucil o Alcachofa Amargón o Diente de León Angélica oficinal Anis Apio Apio-Nabo Arveja Azafrán Batata Berenjena Berro Borraja Cardo Cebolla Cebollino Cilantro Coles Repollo Repollo Crespo o Col de Milán Repollito o Col de Bruselas Coles Crespas Coliflor Brócoli Colinaba o Col rábano Colinabo Chalote Chicharro o Arveja gris Chirivía Escarola Escorzonera o Salsifí negro Espárrago Espinaca Estragón Fresa o Frutilla Garbanzo Gombo Haba Hinojo Lechuga Lenteja Maíz | |
| 100 | 1 | |a Lerena Gabarret, Adolfo | |
| 082 | 0 | 4 | |a 635.03 |
| 653 | |a Enciclopedias | ||
| 653 | |a Hortalizas-enciclopedia | ||
| 653 | |a Horticultura | ||
| 859 | |a CEMS |b BIB. CEMS - Agricultura |h 635.03 |i L562 |p A11423.82 |t Ej.1 |v 2 |3 2 | ||
